Quizzes
Events
Quiz Creation
Community
Videos
Private Events
Remove Ads
Sign In
Join for FREE
Feedback
Dark Mode
Quiz Categories
Sports
Geography
Music
Movies
Television
Just For Fun
Miscellaneous
History
Literature
Language
Science
Gaming
Entertainment
Religion
Holiday
For Kids
Quiz Lab
Recent
Popular Today
Quiz Kudos Today
Editor Picks
Curator Picks
Quizzes by...
Day
Popularity
Type
Ratings
Length
Year
Community
Subscriptions
Recent Discussions
Orange Saloon
Badges
Playlists
Quests
Create
Leaderboards
Showdown
Live 5
Trivia Bingo
Activity
Puzzle Library
Sporcle Events
Private Events
Virtual Trivia
Globe League
Become a Host
Pub Owners
SporcleCon
Opinionation
Our Games
Videos
Blog
Mobile Apps
Partnerships
Remove Ads and Go Orange
Feedback
Sports
Athletes
MLB
NBA
NHL
NFL
Soccer
Sports Teams
WWE
NCAA
Football
Premier League
Basketball
Baseball
Hockey
Golf
Tennis
Cricket
Rugby
Auto Racing
Olympics
World Cup
Sports
Athletes
MLB
NBA
NHL
NFL
Soccer
Sports Teams
WWE
NCAA
Football
Premier League
Basketball
Baseball
Hockey
Golf
Tennis
Cricket
Rugby
Auto Racing
Olympics
World Cup
Random Quiz
Search Sporcle
×
Quiz Lab
Quiz Lab
Sports
College
Type in answers that appear in a list
Type in answers that appear in a list
Classic
Best Score? Go Orange.
903 Wins Stats
Can you name the schools Mike Krzyzewski's teams defeated for his first 903 wins?
By
jaznath
13m
196 Questions
139 Plays
139 Plays
139 Plays
Comments
Comments
Give Quiz Kudos
Give Quiz Kudos
-
- Ratings
hide this ad
More Info
Replay
Link that replays current quiz
Next Quiz
Link to next quiz in quiz playlist
You Got
0%
They Got
Avg Score
46%
Avg Friend Score
Upgrade to see
Score Distribution
Jump to the score distribution portion of the page
Score
0/196
Timer
13:00
0
Plays Today
Wins
College
% Correct
36
North Carolina
100%
38
Wake Forest
96.4%
49
Clemson
95.7%
46
North Carolina State
95.7%
51
Virginia
94.2%
49
Georgia Tech
93.5%
3
Florida
93.5%
29
Florida State
92.8%
15
Miami (FL)
92.1%
1
Miami (OH)
92.1%
51
Maryland
91.4%
14
Michigan
91.4%
6
Kansas
91.4%
4
Texas
91.4%
4
Kentucky
89.9%
1
Syracuse
89.9%
12
Boston College
89.2%
8
Virginia Tech
89.2%
7
Michigan State
88.5%
3
Arizona
87.1%
4
Indiana
86.3%
3
Washington
85.6%
1
Oregon
85.6%
7
UCLA
84.9%
3
LSU
84.9%
1
Wisconsin
84.9%
4
Oklahoma
84.2%
5
Illinois
83.5%
1*
Pitt-Johnstown
83.5%
2
Kansas State
82.7%
3
Penn
82%
2
Alabama
82%
1
Arkansas
82%
1
Oklahoma State
82%
5
Georgetown
81.3%
3
Connecticut
81.3%
1
South Carolina
80.6%
6
Iowa
79.9%
1
California
79.9%
1
Minnesota
79.9%
3
Southern California
79.1%
1
Arizona State
79.1%
1
Ohio
78.4%
1
Ohio State
78.4%
14
St. John's
77.7%
1
UNLV
77.7%
2
Penn State
77%
1
Colorado
75.5%
12
Notre Dame
74.1%
2
Missouri
72.7%
9
Harvard
71.9%
1
Iowa State
71.9%
3
Butler
71.2%
2
West Virginia
70.5%
6
Princeton
69.8%
1
Mississippi State
69.8%
1
Texas A&M
69.8%
3
Villanova
69.1%
11
Temple
68.3%
6
Navy
67.6%
5
Army
67.6%
1
Baylor
66.9%
1
Memphis
66.9%
2
Gonzaga
66.2%
1
Auburn
65.5%
3
Rutgers
64.7%
Wins
College
% Correct
2
Air Force
64.7%
1
Cincinnati
63.3%
4
Marquette
62.6%
2
Yale
62.6%
3
Purdue
61.9%
23
Davidson
61.2%
1
Colorado State
61.2%
1
BYU
60.4%
1*
BYU-Hawaii
60.4%
5
Vanderbilt
59%
2
Rhode Island
59%
1
New Mexico State
59%
1
Hawaii
58.3%
6
Northwestern
56.1%
3
Cornell
55.4%
3
Brown
54.7%
1
Massachusetts
54.7%
7
Seton Hall
53.2%
1
Southern
51.8%
4
Xavier
51.1%
1
San Diego State
50.4%
3
Charlotte
49.6%
1
Montana
48.9%
2
George Washington
47.5%
3
Tulsa
46.8%
2
Columbia
46.8%
4
Saint Joseph's
45.3%
9
North Carolina-Greensboro
44.6%
1
SMU
44.6%
4
DePaul
43.9%
4
Saint Louis
43.9%
11
East Carolina
43.2%
1
Richmond
42.4%
3
George Mason
41.7%
2
Loyola (MD)
41.7%
1
North Carolina Central
41.7%
2
Detroit
40.3%
1
Central Michigan
40.3%
1
Kent State
40.3%
2
Southern Illinois
39.6%
1
Dayton
39.6%
1
Toledo
38.8%
3
UAB
38.1%
6
Lehigh
37.4%
2
Buffalo
37.4%
1
North Carolina-Wilmington
36.7%
2
Belmont
35.3%
2
LaSalle
35.3%
1
Delaware
35.3%
2
South Florida
34.5%
1
Elon
33.8%
1
Drake
33.1%
1
Fresno State
32.4%
2
New Hampshire
31.7%
7
South Carolina State
29.5%
1
Duquesne
29.5%
6
Boston University
28.8%
3
Portland
28.8%
1
Ball State
28.1%
1
Bradley
28.1%
1
Albany
27.3%
8
North Carolina A&T
26.6%
2
Iona
26.6%
1
San Francisco
26.6%
4
Fordham
25.9%
1*
Chaminade
25.9%
Wins
College
% Correct
1
North Carolina-Asheville
25.9%
2
Holy Cross
25.2%
5
Colgate
24.5%
2
Bucknell
24.5%
1
Coastal Carolina
24.5%
6
Appalachian State
23%
6
Northeastern
23%
3
Western Carolina
23%
1
Long Beach State
23%
3
Manhattan
22.3%
1
Hampton
21.6%
1
Pepperdine
21.6%
2
Old Dominion
20.9%
1
Eastern Kentucky
20.9%
1
Liberty
20.9%
1
Murray State
20.9%
1
San Jose State
20.9%
10
William & Mary
20.1%
4
Citadel
20.1%
3
Valparaiso
20.1%
2
Georgia Southern
20.1%
1
Drexel
20.1%
1
Lafayette
20.1%
1
Alabama State
19.4%
1
Missouri State
19.4%
2
Campbell
18.7%
1
Arkansas-Pine Bluff
18.7%
1
Delaware State
18.7%
1
Louisiana-Monroe
18.7%
2
Monmouth
18%
1
Portland State
18%
2
Radford
17.3%
1
Binghamton
15.8%
1
Mercer
15.8%
1
Florida A&M
15.1%
1
Illinois-Chicago
15.1%
1
Winthrop
15.1%
2
Pacific
13.7%
1
Saint Francis (NY)
13.7%
1
Wagner
13.7%
2
Presbyterian
12.9%
3
Fairfield
12.2%
3
Niagara
12.2%
3
St. Peter's
12.2%
1
Gardner-Webb
12.2%
1
New Orleans
12.2%
9
Stetson
10.8%
3
Canisius
10.1%
1
Samford
10.1%
1
Tennessee-Martin
9.4%
1
Mississippi Valley State
8.6%
2
Lamar
7.9%
1
Texas Southern
7.9%
5*
Rochester
6.5%
1
Bryant
3.6%
1*
Manhattanville
1.4%
1*
Scranton
1.4%
5*
Merchant Marine
0.7%
3*
RPI
0.7%
2*
Lycoming
0.7%
2*
Upsala
0.7%
1*
Adelphi
0.7%
2*
Merrimack
0%
1*
Ohio Northern
0%
Quiz Playlist
Details
Report
Send in Message
Add To Playlist
More Info:
An asterisk (*) indicates a non-D-I school. Includes only and all Coach K's first 903 NCAA basketball wins at Army and Duke.
Classic:
Type in answers that appear in a list
Quiz Source
Last Updated: Mar 24, 2022
Quiz Scoreboard
CHALLENGE
Sign Up to Join the Scoreboard
Show All
Scores
Hide
Comments
May contain spoilers
Recently Published
Movies - When Are They Set?
by FPL_Elf
Movies
5m
Popular People in 1961
by mucciniale
History
6m
1-10 Letter E Words III
by El_Dandy
Language
2m
More to Explore
Quiz From the Vault
Featured Blog Post
Where Did the Easter Bunny Come From?
hide this ad
You Might Also Like...
Tags
Basketball Quiz
College Quiz
NCAA Quiz
duke
Duke Basketball
NCAA Basketball
Today's Top Quizzes in Sports
Browse Sports
hide this ad
Today's Top Quizzes in College
Browse College
Top Contributed Quizzes in Sports
1
Les meilleurs buteurs des matchs entre le PSG et l’OM
2
2022 World Cup Stars
3
FIFA Club World Cup Champions
4
Les entraîneurs de l'OM et du PSG au 21e siècle
5
Name the Premier League winners with different clubs
6
La finale Lions - Afrique du Sud 2021
7
Criteria MLB: Left Handed Sluggers
8
Les joueurs passés par le LOSC et le RC Lens
9
Players with Multiple 50 Home Run Seasons
10
MLB Players with Two .350 Batting Average Seasons
Explore More
Trending Topics
NBA
Harry Potter
Disney
Crossword
Marvel
Kpop
Anime
Puzzle
Country
WWE
Soccer
Song
The Office
NFL
Pokémon
hide this ad
More By:
jaznath
Quiz
Plays
Rating
Category
Featured
Created
903 Wins
139
3.00
Sports
Nov 17, 2011
Go to Creator's Profile
Score Distribution
Quiz Creator Spotlight
jaznath
Follow
Send a Message
Quizzes Created
-
Created Quiz Play Count
-
More By This Creator
Popular Quizzes Today
1
Find the Countries of Europe - No Outlines Minefield
2
Find the US States - No Outlines Minefield
3
The Countries of the World
4
Popular People in 1961
5
US States
6
1-10 Letter E Words III
7
Find the US States
8
One Thing in Common: World Cities II
More Sports Quizzes
2022 FIFA World Cup Teams
Quiz Lab
Trending Quizzes
Risky Map Clicking: Least Populous States A-Z
1-10 Letter F Words
1-10 Letter G Words
One Thing in Common: United Kingdom
Risky Map Clicking: Next State Alphabetically
Recently Updated
Leaping Animals
pecheneg
Reality TV Shows (A-Z)
bhenderson79
Rickey Henderson's Hall of Fame Teammates
pecheneg
Champions League XIs: Arsenal
pecheneg
Quick Pick: Celebrities in WWE's Hall of Fame
aduchscher
A-Z Keypad Blitz II
pecheneg
Multiple Oscar Actors
pecheneg
Mystery Phrase Blitz: Oscar 'Best Actors'
pecheneg
F. Scott Fitzgerald Novels
LTH
Pick 3 Villains
ddd62291
Trending Topics
NBA
Harry Potter
Anime
Crossword
Kpop
Disney
Marvel
Soccer
Song
Country
NFL
Puzzle
The Office
WWE
Pokémon
Your Account Isn't Verified!
In order to create a playlist on Sporcle, you need to verify the email address you used during registration. Go to your
Sporcle Settings
to finish the process.
Report this User
Report this user for behavior that violates our
Community Guidelines
.
Details:
Send Report
Go to the Sporcle.com Mobile Site →
Comments